000 01293naa a2200301 c 4500
001 50126
999 _c50126
_d50126
003 ES-MaCES
005 20171023105704.0
008 171023s2017 sp ||||| t||||||| ||spa d
040 _aES-MaCES
_bspa
_cES-MaCES
_dES-MaCES
100 _938646
_aBarrero Rodríguez, Concepción
245 1 3 _aLa ley de reforma del régimen local de 2013
_b: ¿ha modificado realmente las competencias de los municipios?
_cConcepción Barrero Rodríguez
500 _aResumen
610 1 4 _936922
_aEspaña
_d2013
_tLey de racionalización y sostenibilidad de la Administración Local
650 4 _927214
_aadministración pública
650 4 _927230
_aservicios públicos
650 4 _930889
_atransferencia de competencias
650 4 _927219
_agobierno local
650 4 _927220
_anivel local
650 4 _927155
_aderecho administrativo
650 4 _927153
_alegislación
650 4 _927194
_atribunal constitucional
650 4 _928624
_ajurisprudencia
653 1 0 _aAdministración-Instituciones públicas
773 0 _986459
_dMadrid (Ignacio Ellacuría, 3, 28017) Civitas
_o089356
_tRevista española de Derecho administrativo
_w(ES-MaCES)25059
_gn. 184 (abr.-jun. 2017) {10039 R. 089356} ;p. 41-73
902 _aART Artículo de revista
942 _2CES
_cAR
_h6.3.